Phương pháp học tập nghiên cứu của sinh viên cao đẳng, đại học
Đã lưu trong:
| 主要作者: | |
|---|---|
| 格式: | 圖書 |
| 語言: | Undetermined |
| 出版: |
Hà Nội
Giáo Dục
1998
|
| 主題: | |
| 標簽: |
添加標簽
沒有標簽, 成為第一個標記此記錄!
|
| Thư viện lưu trữ: | Trung tâm Học liệu Trường Đại học Cần Thơ |
|---|
| LEADER | 00636nam a2200193Ia 4500 | ||
|---|---|---|---|
| 001 | CTU_31083 | ||
| 008 | 210402s9999 xx 000 0 und d | ||
| 082 | |a 371.3 | ||
| 082 | |b Th107 | ||
| 100 | |a Phạm Trung Thanh | ||
| 245 | 0 | |a Phương pháp học tập nghiên cứu của sinh viên cao đẳng, đại học | |
| 245 | 0 | |c Phạm Trung Thanh | |
| 260 | |a Hà Nội | ||
| 260 | |b Giáo Dục | ||
| 260 | |c 1998 | ||
| 526 | |a Tiểu luận tốt nghiệp - SP. Sinh học | ||
| 526 | |b SG355 | ||
| 650 | |a education,study skills,study, method of | ||
| 980 | |a Trung tâm Học liệu Trường Đại học Cần Thơ | ||